Sémiologie médicale (Record no. 17592)
[ view plain ]
| 000 -LEADER | |
|---|---|
| fixed length control field | 00436 a2200217 4500 |
| 035 ## - SYSTEM CONTROL NUMBER | |
| System control number | 0054 |
| 035 ## - SYSTEM CONTROL NUMBER | |
| System control number | 0055 |
| 035 ## - SYSTEM CONTROL NUMBER | |
| System control number | 3338 |
| 035 ## - SYSTEM CONTROL NUMBER | |
| System control number | 4138 |
| 035 ## - SYSTEM CONTROL NUMBER | |
| System control number | 3339 |
| 035 ## - SYSTEM CONTROL NUMBER | |
| System control number | 3340 |
| 100 ## - VEDETTE PRINCIPALE - NOM DE PERSONNE | |
| Personal name | Mathé, G. |
| 245 ## - TITLE STATEMENT | |
| Title | Sémiologie médicale |
| 260 ## - PUBLICATION, DISTRIBUTION, ETC. (IMPRINT) | |
| Date of publication, distribution, etc | 1977 |
| 300 ## - PHYSICAL DESCRIPTION | |
| Extent | 1050 p. |
| 700 ## - ADDED ENTRY--PERSONAL NAME | |
| Personal name | Richet, G. |
| 700 ## - ADDED ENTRY--PERSONAL NAME | |
| Personal name | Benhamou, J-P. |
| Withdrawn status | Lost status | Damaged status | Not for loan | Location (home branch) | Sublocation or collection (holding branch) | Date acquired | Koha issues (times borrowed) | Koha full call number | Koha date last seen | Price effective from | Koha item type |
|---|---|---|---|---|---|---|---|---|---|---|---|
| Bibliothèque Faculté des Sciences de la Santé | Bibliothèque Faculté des Sciences de la Santé | 27/02/2009 | WB 143 SEM | 27/02/2009 | 27/02/2009 | Livre |